000 00314cam a2200133u 4500
041 _aENG
082 _a294.52
_bKRI
100 _aKrishnananda Swami
245 0 0 _aMandukya Upanishad;
260 _aWashington, D.C.,
_bSelf-realization Fellowship
_c[1943]
300 _a30 p.
700 0 _aPremananda,
942 _cBK
999 _c22739
_d22739